| 000 | 00516nam a2200217Ia 4500 | ||
|---|---|---|---|
| 003 | OSt | ||
| 005 | 20220924134107.0 | ||
| 006 | a|||||r|||| 00| 0 | ||
| 007 | ta | ||
| 008 | 220923b |||||||| |||| 00| 0 snd d | ||
| 024 | _a272134 | ||
| 037 | _cTextual | ||
| 040 |
_aARTS _cARTS _bsnd |
||
| 041 |
_2snd _asnd |
||
| 082 | _aO157,3M76x, 1593H0 | ||
| 100 | _aArjun | ||
| 245 | 0 | _aChanderma | |
| 260 | _c1940 | ||
| 942 |
_hO157,3M76x, 1593H0 _cTEXL _2CC |
||
| 999 |
_c436351 _d436351 |
||